000 00732nam a2200313Ia 4500
008 190123s9999 xx 000 0 und d
020 _a9780545559805
050 _bR744 2014
100 _aRoland, Timothy
245 0 _aMonkey and me :
245 8 _band the pet show /
245 0 _cby Timothy Roland.
260 _aNew York, New York :
260 _bScholastic,
260 _c2014
300 _a90 pages :
300 _bcolored illustrations ;
300 _c19cm.
440 _aMonkey and me ;
440 _v2
500 _a260L
650 _aBrothers and sisters.
650 _aMonkeys.
650 _aPets.
650 _aShapeshifting.
650 _aTwins.
700 _aSeries.
700 _aTitle.
999 _c361095
_d361095